Antígona / (Registro nro. 32601)
[ vista simple ]
| 000 -CABECERA | |
|---|---|
| campo fijo de control de longitud | 00708nam a2200241 a 4500 |
| 001 - NÚMERO DE CONTROL | |
| campo de control | 32601 |
| 003 - IDENTIFICADOR DEL NÚMERO DE CONTROL | |
| campo de control | AR-RoBPED |
| 005 - FECHA Y HORADE LA ULTIMA TRANSACCION | |
| campo de control | 20260505171412.0 |
| 008 - ELEMENTOS DE LONGITUD FIJA--INFORMACION GENERAL | |
| campo fijo de control de longitud | 260422s2007 ag |||| |||| 001 1 spa d |
| 020 ## - ISBN | |
| ISBN | 9789871093045 |
| 040 ## - FUENTE CATALOGADORA | |
| Centro catalogador/agencia de origen | AR-RoBPED |
| 041 ## - IDIOMA | |
| Código de idioma para texto/pista de sonido o título independiente | spa |
| 100 1# - ENCABEZAMIENTO PRINCIPAL--AUTOR PERSONAL | |
| Nombre de persona | Sófocles, 496-406 a J.C. |
| 9 (RLIN) | 7815 |
| 245 1# - TITULO | |
| Título | Antígona / |
| Mención de responsabilidad | Sófocles ; estudio preliminar Juan F. Drago Burgos |
| 260 ## - PUBLICACION | |
| Lugar | Buenos Aires : |
| Editor | Gradifco, |
| Fecha | 2007. |
| 300 ## - DESCRIPCION FISICA | |
| Extensión | 61 p. |
| 650 #4 - TERMINO DE MATERIA--CONTROLADO | |
| Término controlado | LITERATURA GRIEGA |
| 9 (RLIN) | 2140 |
| Término controlado | TEATRO |
| 9 (RLIN) | 241 |
| Término controlado | TRAGEDIA |
| 9 (RLIN) | 6117 |
| 700 ## - ENCABEZAMIENTO SECUNDARIO--AUTOR PERSONAL | |
| Nombre de persona | Drago Burgos, Juan F. |
| 9 (RLIN) | 30766 |
| 942 ## - ELEMENTOS KOHA | |
| Fuente de clasificación | Universal Decimal Classification |
| Número Koha | k. 32601 |
| Koha tipo de ítem | Libro |
| Clasificación | 875-2 |
| Signatura librística | S 65 |
| N° inventario | Inv. 42409 |
| 945 ## - PROCESAMIENTO DE LA INFORMACIÓN LOCAL | |
| Catalogador y fecha | mm 22/04/2026; fd 24/04/2026 |
| Estado retirado | Estado perdido | Fuente de clasificación | Estado dañado | No se presta | Biblioteca propietaria | Biblioteca de reserva | Fecha de adquisición | Procedencia | Total de préstamos | Signatura topográfica completa | Código de barras (nº de inventario) | Fecha visto por última vez | Catalogador y fecha | Tipo de ítem Koha | Nota pública |
|---|---|---|---|---|---|---|---|---|---|---|---|---|---|---|---|
| Universal Decimal Classification | Biblioteca Pedagógica Eudoro Díaz | Biblioteca Pedagógica Eudoro Díaz | 17/04/2026 | Donación | 875-2 S 65 | 42409 | 22/04/2026 | mm 22/04/2026; fd 24/04/2026 | Libro | Se presta 15 días |